000 00684nam a2200193Ia 4500
003 GCL
005 20240530103447.0
008 140319s9999 xx 000 0 ara d
040 _aGCL /
_cGCL
082 0 4 _a811.04
_bح ح
100 1 _aحسين خريس
245 1 0 _aحركة الشعر العباسى فى مجال التجديد بين ابى نواس ومعاصريه /
_cحسين خريس
260 _aعمان :
_bدار البشير للنشر والتوزيع ،
_c1994
260 _aبيروت :
_bمؤسسة الرسالة ،
_c1994
300 _aمتعدد ؛
_b24 سم
650 0 4 _aالشعر العربى
650 0 4 _aالشعر العباسى
942 _2ddc
_cBK
999 _c39601
_d39601